LIBRARY & INFORMATION CENTRE, KCAET, TAVANUR

ONLINE PUBLIC ACCESS CATALOGUE (OPAC)

Food Science / (Record no. 14824)

MARC details
000 -LEADER
fixed length control field 00329cam a2200133ua 4500
020 ## - INTERNATIONAL STANDARD BOOK NUMBER
ISBN 9788122427240
082 ## - DEWEY DECIMAL CLASSIFICATION NUMBER
Classification number 664
Item number SRI/FO
100 ## - MAIN ENTRY--AUTHOR NAME
Personal name Srilakshmi, B .
245 ## - TITLE STATEMENT
Title Food Science /
250 ## - EDITION STATEMENT
Edition statement 6 Multi colour
260 ## - PUBLICATION, DISTRIBUTION, ETC. (IMPRINT)
Place of publication New Delhi :
Name of publisher New Age International Ltd , Publishers
Year of publication 2015
300 ## - PHYSICAL DESCRIPTION
Number of Pages 490p
942 ## - ADDED ENTRY ELEMENTS (KOHA)
Koha item type Books
Holdings
Withdrawn status Lost status Damaged status Collection code Home library Current library Shelving location Date acquired Source of acquisition Cost, normal purchase price Full call number Accession Number Koha item type
        KAUAET KAUAET General Stacks 30/03/2017 Aman Books 399.00 664 SRI/FO 25482 Books
        KAUAET KAUAET General Stacks 30/03/2017 Aman Books 399.00 664 SRI/FO 25483 Books
        KAUAET KAUAET General Stacks 30/03/2017 Aman Books 399.00 664 SRI/FO 25484 Books
        KAUAET KAUAET General Stacks 30/03/2017 Penta Book Distributors 399.00 664 SRI/FO 25554 Books
        KAUAET KAUAET General Stacks 30/03/2017 Penta Book Distributors 399.00 664 SRI/FO 25555 Books
        KAUAET KAUAET General Stacks 30/03/2017 Penta Book Distributors 399.00 664 SRI/FO 25556 Books
        KAUAET KAUAET General Stacks 30/03/2017 Penta Book Distributors 399.00 664 SRI/FO 25557 Books
        KAUAET KAUAET General Stacks 30/03/2017 Penta Book Distributors 399.00 664 SRI/FO 25558 Books
      General Books KAUAET KAUAET Scheme   Aman Book stall 450.00 664 SRI/FO BB 594 Book Bank scheme for SC students
      General Books KAUAET KAUAET Scheme   Aman Book stall 450.00 664 SRI/FO BB 595 Book Bank scheme for SC students
      General Books KAUAET KAUAET Scheme   Aman Book stall 450.00 664 SRI/FO BB 596 Book Bank scheme for SC students
      General Books KAUAET KAUAET Scheme   Aman Book stall 450.00 664 SRI/FO BB 597 Book Bank scheme for SC students
free website counter